Trắc địa đại cương

Nội dung sách gồm những vấn đề trắc địa cơ bản nhất và cần thiết cho chương trình đào tạo kỹ sư xây dựng: định vị điểm, định hướng đường thẳng, bản đồ địa hình, sử dụng bản đồ, tính toán trắc địa......

Fuld beskrivelse

Đã lưu trong:
Bibliografiske detaljer
Hovedforfatter: Phạm, Văn Chuyên
Format: Bog
Sprog:Undetermined
Udgivet: Hà Nội Giao thông Vận tải 2003
Fag:
Tags: Tilføj Tag
Ingen Tags, Vær først til at tagge denne postø!
Thư viện lưu trữ: Trung tâm Học liệu Trường Đại học Cần Thơ
LEADER 00845nam a2200193Ia 4500
001 CTU_61940
008 210402s9999 xx 000 0 und d
020 |b 22000 
082 |a 526.1 
082 |b Ch527 
100 |a Phạm, Văn Chuyên 
245 0 |a Trắc địa đại cương 
245 0 |c Phạm Văn Chuyên 
260 |a Hà Nội 
260 |b Giao thông Vận tải 
260 |c 2003 
520 |a Nội dung sách gồm những vấn đề trắc địa cơ bản nhất và cần thiết cho chương trình đào tạo kỹ sư xây dựng: định vị điểm, định hướng đường thẳng, bản đồ địa hình, sử dụng bản đồ, tính toán trắc địa... 
650 |a Surveying 
980 |a Trung tâm Học liệu Trường Đại học Cần Thơ